00550cam a22002171 4500001001300000003000400013005001700017008004100034010001700075025002000092035002000112040002100132042001200153050002100165100003300186245002800219260003100247300001900278500001800297999001700315sa 66003647 DLC20260227112237.0940604s1962 ii 000 1 malo  asa 66003647  aPL480:I-Mal-758 a(OCoLC)30548998 aDLCcCUdCUdDLC apremarc00aPL4718.9.V28bM31 aVarkki, Muṭṭattu,d1918-10aMayilāṭuṅkunnȧ. a[n.p.,bJ. Johnson,c1962] a259 p.c18 cm. aIn Malayalam. c69031d69031